Referenčné hodnoty amplitúdových parametrov QRS-komplexu pre počítačové hodnotenie Frankovho ortogonálneho elektrokardiogramu

Bibliographic Details
Main Authors: Bachárová, Ljuba, 1947- (Author), Melotová, Jarmila (Author)
Format: Article
Language:Slovak
PhysicalDescription:Tb. 5. Grafy 8. Res. angl., lit. 11 zázn. v angl.
Subjects:

MARC

LEADER 00000nab a2200000 a 4500
001 vtls000461434
003 SK-MaSNL
005 20260304204509.0
008 230214c1992 xo 0 slo
015 |a SNBRB19rr/mm-uuuuu 
035 |a CL0461566 
035 |a urn:nbn:sk:snk-abaxb 
035 |a (urnnbn)urn:nbn:sk:snk:ar-a03exy 
035 |a (uuid)b3a887fe-db34-463e-89fb-6ecc3dcee7bc 
040 |a SNKBUCL  |b slo  |c SNKBUCL  |e AACR2 
041 0 |a slo 
044 |a xo  |c SK 
080 |a 616.12-073.93  |2 1981 
100 1 |a Bachárová, Ljuba,  |d 1947-  |4 aut  |9 7861 
245 1 0 |a Referenčné hodnoty amplitúdových parametrov QRS-komplexu pre počítačové hodnotenie Frankovho ortogonálneho elektrokardiogramu  |c Ljuba Bachárová, Jarmila Melotová 
300 |b Tb. 5. Grafy 8. Res. angl., lit. 11 zázn. v angl. 
650 0 7 |a elektrokardiografia  |2 snkbucl  |9 2458 
650 0 7 |a Frankov ortogonálny elektrokardiogram  |2 snkbucl  |9 1537838 
655 7 |a články z novín a časopisov  |2 snkbucl  |9 267496 
700 1 |a Melotová, Jarmila  |4 aut  |9 784353 
773 0 |t Bratislavské lekárske listy  |g Roč. 93, č. 5 (1992), s. 230-238 
850 |a Slovenská národná knižnica v Martine  |a MTA001 
852 |a SNK  |b KIS3GCP 
954 |a odborná, vedecká literatúra pôvodná (slovenská)  |2 lita 
958 |a NB 
958 |a RK 
958 |a MI 
958 |a OND 
958 |a EUIPO 
958 |a article27 
992 |a RBX 
999 |c 3116331  |d 3118261